- Schaff, Adam,
Entry Nombre Personal
001 - NUMERO DE CONTROL
- campo de control: 29973
003 - IDENTIFICADOR DE NUMERO DE CONTROL
- campo de control: DLC
005 - FECHA Y HORA DE LA ÜLTIMA TRANSACCIÓN
- campo de control: 20220328120243.0
008 - DATOS DE LONGITUD FIJA
- campo de control de longitud fija: 220328n| azannaabn |b aaa
010 ## - NÚMERO DE CONTROL DE LA BIBLIOTECA DEL CONGRESO
- Número de control LC: n 50020383
035 ## - NUMERO DE CONTROL
- Número de control: (OCoLC)oca00055812
040 ## - FUENTE DE CATALOGACIÓN
- Agencia original de catalogación: DLC
- Lenguaje de catalogación: spa
- Description conventions: rda
- Agencia de transcripción: DLC
- Agencia que lo modifica: InU
- Agencia que lo modifica: DLC-R
- Agencia que lo modifica: OCoLC
- Agencia que lo modifica: IEN
- Agencia que lo modifica: ICU
- Agencia que lo modifica: MX-MxUPN
046 ## - FECHAS CON CODIFICACIÓN ESPECIAL
- Fecha de nacimiento: 19130310
- Fecha de muerte: 20061112
100 1# - ENCABEZAMIENTO - NOMBRE PERSONAL
- Nombre personal: Schaff, Adam,
- Fechas asociadas con el nombre: 1913-2006
370 ## - LUGAR ASOCIADO
- Associated country: Polonia
374 ## - OCUPACIÓN
- Occupation: Filósofo
375 ## - GÉNERO
- Gender: masculino
377 ## - LENGUA ASOCIADA
- Language code: eng
400 1# - VEÁSE - NOMBRE DE PERSONA
- Personal name: Schaff, A.
- Fuller form of name: (Adam)
400 1# - VEÁSE - NOMBRE DE PERSONA
- Personal name: Shaf, Adam
670 ## - FUENTE EN LA QUE SE LOCALIZARON DATOS
- Cita de la fuente: En su obra: Narodziny i rozwój filozofii marksistowskiej, 1950.
670 ## - FUENTE EN LA QUE SE LOCALIZARON DATOS
- Cita de la fuente: En su obra: Dokąd prowadzi droga? 1988:
- Información localizada: portada (Adam Schaff) lomo (A. Schaff)
670 ## - FUENTE EN LA QUE SE LOCALIZARON DATOS
- Cita de la fuente: En su obra: Marḳsizm-Leninizm, 1950:
- Información localizada: portada (Adam Shaf) reverso de la portada (Adam Schaff [in rom.])
670 ## - FUENTE EN LA QUE SE LOCALIZARON DATOS
- Cita de la fuente: Info. converted from 678, 2012-10-02
- Información localizada: (n. 1913)
670 ## - FUENTE EN LA QUE SE LOCALIZARON DATOS
- Cita de la fuente: Wikipedia (viewed 30 Oct. 2013):
- Información localizada: (Adam Schaff (10 March 1913, Lwów - 12 November 2006, Warsaw) was a Polish Marxist philosopher)
